000 00516nam a2200205Ia 4500
005 20251113224831.0
008 230125s9999 xx 000 0 und d
020 _a10-81-223-0053-7
041 _aeng
082 _a158.1
_bGUP
100 _aGupta S
_9214896
245 _aCorrect Manners and Etiquette
260 _c2007
_bPustak Mahal
_aDelhi
300 _a151p
500 _aPersonality Development,
650 _aPersonality Development
_9213420
700 _aGupta S
_9214896
906 _b8
942 _cBK
999 _c85502
_d85502